| 000 | 00555nam a2200229Ia 4500 | ||
|---|---|---|---|
| 008 | 190123s9999 xx 000 0 und d | ||
| 020 | _a9780545591324 | ||
| 050 | _bM196 2014 | ||
| 100 | _aMagnarelli, Margaret | ||
| 245 | 0 | _aBackstage pass / | |
| 245 | 0 | _cby Margaret Magnarelli. | |
| 260 | _aNew York, New York : | ||
| 260 | _bScholastic, | ||
| 260 | _c2014 | ||
| 300 | _a47 pages : | ||
| 300 | _bcolored illustrations ; | ||
| 300 | _c23cm. | ||
| 500 | _a1080L | ||
| 650 | _aCelebrities. | ||
| 650 | _aEntertainers. | ||
| 700 | _aTitle. | ||
| 999 |
_c361228 _d361228 |
||